Welcome to the Holygrace Academy Library

Please use search bar below to get started

A TEXTBOOK OF INORGANIC CHEMISTRY (Record no. 1468)

MARC details
000 -LEADER
fixed length control field 00369nam a22001577a 4500
020 ## - INTERNATIONAL STANDARD BOOK NUMBER
ISBN 81-88222-00-10
082 ## - DEWEY DECIMAL CLASSIFICATION NUMBER
Classification number 546
Item number GUP/I
100 ## - MAIN ENTRY--AUTHOR NAME
Personal name GUPTA, R.K
100 ## - MAIN ENTRY--AUTHOR NAME
Personal name AMIT, R.K
245 ## - TITLE STATEMENT
Title A TEXTBOOK OF INORGANIC CHEMISTRY
250 ## - EDITION STATEMENT
Edition statement FOURTH EDITION
260 ## - PUBLICATION, DISTRIBUTION, ETC. (IMPRINT)
Place of publication MEERUT
Name of publisher ARIHANT PRAKASHAN
300 ## - PHYSICAL DESCRIPTION
Number of Pages 611
650 ## - SUBJECT ADDED ENTRY--TOPICAL TERM
Topical Term CHEMISTRY REFERENCE
Geographic subdivision INDIA
942 ## - ADDED ENTRY ELEMENTS (KOHA)
Koha item type Books
Holdings
Withdrawn status Lost status Collection code Home library Current library Shelving location Date acquired Source of acquisition Cost, normal purchase price Full call number Accession Number Koha item type
    Reference Main Library Main Library SHELF-5 F REFERENCE CHEMISTRY 23/10/2006 purchase 200.00 546 GUP/I 03373 Books
    Reference Main Library Main Library SHELF-5 F REFERENCE CHEMISTRY 04/03/2006 purchase 200.00 546 GUP/I 02245 Books